Engineering Design A modern approach
Saved in:
| Main Author: | |
|---|---|
| Format: | Book |
| Language: | Undetermined |
| Published: |
Chicago, Illinois
Irwin
1996
|
| Subjects: | |
| Tags: |
Add Tag
No Tags, Be the first to tag this record!
|
| Institutions: | Trung tâm Học liệu Trường Đại học Cần Thơ |
|---|
| LEADER | 00493nam a2200193Ia 4500 | ||
|---|---|---|---|
| 001 | CTU_51907 | ||
| 008 | 210402s9999 xx 000 0 und d | ||
| 020 | |b 159500 | ||
| 082 | |a 620.0042 | ||
| 082 | |b D533 | ||
| 100 | |a B S Dhillon | ||
| 245 | 0 | |a Engineering Design | |
| 245 | 2 | |b A modern approach | |
| 245 | 0 | |c B. S. Dhillon | |
| 260 | |a Chicago, Illinois | ||
| 260 | |b Irwin | ||
| 260 | |c 1996 | ||
| 650 | |a engineering design | ||
| 980 | |a Trung tâm Học liệu Trường Đại học Cần Thơ | ||